El diablo mundo
Uloženo v:
| Hlavní autor: | |
|---|---|
| Médium: | Kniha |
| Jazyk: | španělština |
| Vydáno: |
Madrid
Espasa-Calpe
1949
|
| Edice: | Clásicos Castellanos, 50
|
| Témata: | |
| Tagy: |
Přidat tag
Žádné tagy, Buďte první, kdo vytvoří štítek k tomuto záznamu!
|
MARC
| LEADER | 00000nam a2200000 a 4500 | ||
|---|---|---|---|
| 001 | UCX5034 | ||
| 003 | CL-VaPUC | ||
| 008 | 920826e19490000SP |||||||||||||||||spa|d | ||
| 082 | 0 | 4 | |a 861 |b ESP |2 21 |
| 100 | 0 | |a Espronceda, José de |e author |9 321340 | |
| 245 | 1 | 3 | |a El diablo mundo |
| 300 | |a v | ||
| 942 | |c BK | ||
| 945 | |d 19920826 00:00:00 | ||
| 260 | |a Madrid |b Espasa-Calpe |c 1949 | ||
| 650 | 0 | |a Poesías españolas |9 265100 | |
| 583 | |a last modification |c 19920826 00:00:00 |k Rodrigo Vera | ||
| 490 | 0 | |a Clásicos Castellanos, 50 | |
| 999 | |c 225392 |d 225390 | ||
| 952 | |0 0 |1 0 |4 0 |6 861_000000000000000_ESP_1949 |7 0 |8 A |9 222870 |a FDOPOS |b FDOPOS |d 2019-11-15 |h v.2 |i 2916282 |o 861 ESP 1949 |p 2916282 |r 2025-01-22 |w 2019-11-15 |y BK |k MLH | ||